书目信息 |
| 题名: |
中国逻辑思想史稿
|
|
| 作者: | 周文英 著 | |
| 分册: | ||
| 出版信息: | 北京 人民出版社 1979 |
|
| 页数: | 247页 | |
| 开本: | 19cm | |
| 丛书名: | ||
| 单 册: | ||
| 中图分类: | B81-092 , B81 | |
| 科图分类: | ||
| 主题词: | 逻辑--思想史--中国 | |
| 电子资源: | ||
| ISBN: | ||
| 000 | 00591nam0 2200229 45 | |
| 001 | 0939919192 | |
| 005 | 20090928091250.43 | |
| 010 | @dCNY0.67 | |
| 091 | @aCN@b2001.188 | |
| 100 | @a19950712d1979 emky0chiy0121 ea | |
| 101 | 0 | @achi |
| 102 | @aCN@b110000 | |
| 105 | @ay z 000yy | |
| 200 | 10 | @a中国逻辑思想史稿@Azhong guo luo ji si xiang shi gao@f周文英著 |
| 210 | @a北京@c人民出版社@d1979 | |
| 215 | @a247页@d19cm | |
| 606 | 0 | @a逻辑@x思想史@y中国 |
| 690 | @aB81-092@v3 | |
| 690 | @aB81@v4 | |
| 701 | 0 | @a周文英@Azhou wen ying@4著 |
| 801 | 0 | @aCN@bTSSF |
| 905 | @a10447@dB81@eJY8 | |
| 中国逻辑思想史稿/周文英著.-北京:人民出版社,1979 |
| 247页;19cm |
| ISBN :CNY0.67 |
| ● |
| 相关链接 |
|
|
|
|
正题名:中国逻辑思想史稿
索取号:B81/JY8
 
预约/预借
| 序号 | 登录号 | 条形码 | 馆藏地/架位号 | 状态 | 备注 |
| 1 | 7804785 | 278047855 | 学院路分馆/ [索取号:B81/JY8] | 在馆 | |
| 2 | 7804786 | 278047864 | 学院路分馆/ [索取号:B81/JY8] | 在馆 |